000 00641nam a22001697a 4500
020 _qHard Cover.
082 _a004
100 _aQais Abro, Perah Qanita Riaz, Mahvish Arbab, Yasmeen Bano
245 _aPakistan' s Foreign Policy and Relations (1988-1999)
_cPerah Qais Abro, Qanita Riaz, Mahvish Arbab, Yasmeen Bano
260 _aIslamabad :
_bSEECS - NUST,
300 _av, 108 p. : ill. ;
_c30cm.
650 _aInformation Technology-Project Report
700 _aDr. Shoaib Ahmed.
_931223
856 _uhttp://10.250.8.41:8080/xmlui/handle/123456789/29688
942 _2ddc
_cPR
999 _c540525
_d540525